Gaceta agrícola del Ministerio de Fomento / (Record no. 906)
[ view plain ]
| 000 -LEADER | |
|---|---|
| campo de control de longitud fija | 01200nas a2200325 i 4500 |
| 001 - NÚMERO DE CONTROL | |
| campo de control | 906 |
| 003 - IDENTIFICADOR DE NÚMERO DE CONTROL | |
| campo de control | ES-MaACL |
| 005 - FECHA Y HORA DE LA ÚLTIMA TRANSACCIÓN | |
| campo de control | 20260201140948.0 |
| 007 - CAMPO FIJO DE DESCRIPCIÓN FÍSICA--INFORMACIÓN GENERAL | |
| campo de control de longitud fija | t| |
| 008 - DATOS DE LONGITUD FIJA--INFORMACIÓN GENERAL | |
| campo de control de longitud fija | 950801d18761894sp | | 1 ||pa d |
| 080 ## - NÚMERO DE LA CLASIFICACIÓN DECIMAL UNIVERSAL | |
| Número de la Clasificación Decimal Universal | 63 |
| 245 00 - MENCIÓN DEL TÍTULO | |
| Título | Gaceta agrícola del Ministerio de Fomento / |
| Mención de responsabilidad, etc. | [dir., Miguel López Martínez]. |
| 260 ## - PUBLICACIÓN, DISTRIBUCIÓN, ETC. | |
| Lugar de publicación, distribución, etc. | Madrid : |
| Nombre del editor, distribuidor, etc. | Imp. Manuel G. Hernández, |
| Fecha de publicación, distribución, etc. | 1876-1894. |
| 300 ## - DESCRIPCIÓN FÍSICA | |
| Extensión | 65 v. ; |
| Dimensiones | 24 cm. |
| 310 ## - PERIODICIDAD ACTUAL | |
| Periodicidad actual | Quincenal |
| 362 0# - FECHAS DE PUBLICACIÓN Y/O DESIGNACIÓN SECUENCIAL | |
| Fecha de publicación y/o designación secuencial | T. 1-3ª época, t. 40 (16 dic. 1894) |
| 500 ## - NOTA GENERAL | |
| Nota general | 2ª época (1882) |
| 500 ## - NOTA GENERAL | |
| Nota general | 3ª época (1885) |
| 500 ## - NOTA GENERAL | |
| Nota general | A partir de 1879 se publican 4 tomos anuales. |
| 530 ## - NOTA DISPONIBLE DE FORMULARIO FÍSICO ADICIONAL | |
| Nota de formato físico adicional disponible | Disponible en formato digital. |
| 650 14 - PUNTO DE ACCESO ADICIONAL DE MATERIA--TÉRMINO DE MATERIA | |
| Término de materia o nombre geográfico como elemento de entrada | Agricultura- |
| Subdivisión geográfica | España- |
| Subdivisión cronológica | S.XIX |
| 9 (RLIN) | 9682 |
| 650 #4 - PUNTO DE ACCESO ADICIONAL DE MATERIA--TÉRMINO DE MATERIA | |
| Término de materia o nombre geográfico como elemento de entrada | Instituciones científicas y diversas |
| 9 (RLIN) | 13829 |
| 700 1# - ENTRADA AGREGADA--NOMBRE PERSONAL | |
| Nombre de persona | López Martínez, Miguel. |
| 9 (RLIN) | 227548 |
| 710 1# - ENTRADA AGREGADA--NOMBRE DE ENTIDAD CORPORATIVA | |
| Nombre de entidad corporativa o nombre de jurisdicción como elemento de entrada | España. |
| Unidad subordinada | Ministerio de Fomento. |
| 9 (RLIN) | 3868 |
| 787 0# - ENTRA/ENLACE A OTRAS RELACIONES | |
| Encabezamiento principal | Almanaque de la Gaceta agrícola del Ministerio de Fomento |
| 852 ## - LOCALIZACIÓN | |
| Ubicación | ES-MaACL |
| Número de control de estantería | K-77 |
| 856 ## - LOCALIZACIÓN Y ACCESO ELECTRÓNICOS | |
| Identificador Uniforme de Recursos | <a href="http://hemerotecadigital.bne.es/details.vm?o=&w=2171-6412&f=issn&l=500">http://hemerotecadigital.bne.es/details.vm?o=&w=2171-6412&f=issn&l=500</a> |
| Nota pública | Hemeroteca Digital |
| 866 #0 - MENCIÓN TEXTUAL DE FONDOS--UNIDAD BIBLIOGRÁFICA BÁSICA | |
| Fondos | 1876-80(1881f.t.XXI)1882(1883f.t.V-VI),1885-89(1890f.t.1y4)1891-94 |
| Estatus retirado | Estado de pérdida | Estado de daño | No para préstamo | Colección | Biblioteca de origen | Biblioteca actual | Ubicación en estantería | Fecha de adquisición | Fuente de adquisición | Total de préstamos | Signatura topográfica completa | Código de barras | Visto por última vez | Precio de reemplazo | Tipo de ítem Koha |
|---|---|---|---|---|---|---|---|---|---|---|---|---|---|---|---|
| Colección digital | Biblioteca del Ateneo de Madrid | Biblioteca del Ateneo de Madrid | Administración | 17/01/2008 | K-77 | 1000922 | 23/02/2023 | 23/02/2023 | Revista |
